| 000 -LEADER |
| fixed length control field |
01150ctm a22003134a 4500 |
| 001 - CONTROL NUMBER |
| control field |
005322332 |
| 003 - CONTROL NUMBER IDENTIFIER |
| control field |
OCoLC |
| 005 - DATE AND TIME OF LATEST TRANSACTION |
| control field |
20190724140206.0 |
| 008 - FIXED-LENGTH DATA ELEMENTS--GENERAL INFORMATION |
| fixed length control field |
120702s2003 nyua b 000 e eng d |
| 010 ## - LIBRARY OF CONGRESS CONTROL NUMBER |
| LC control number |
2003057562 |
| 020 ## - INTERNATIONAL STANDARD BOOK NUMBER |
| International Standard Book Number |
9780307387264 (pbk.) : |
| 035 ## - SYSTEM CONTROL NUMBER |
| System control number |
(OCoLC)52539989 |
| Canceled/invalid control number |
(OCoLC)154689253 |
| -- |
(OCoLC)174282068 |
| 040 ## - CATALOGING SOURCE |
| Original cataloging agency |
DLC |
| Transcribing agency |
DLC |
| Modifying agency |
KH8 |
| 041 0# - LANGUAGE CODE |
| Language code of text/sound track or separate title |
eng |
| 042 ## - AUTHENTICATION CODE |
| Authentication code |
nbic |
| 044 ## - COUNTRY OF PUBLISHING/PRODUCING ENTITY CODE |
| MARC country code |
nyu |
| 082 00 - DEWEY DECIMAL CLASSIFICATION NUMBER |
| Classification number |
FIC GAR |
| Edition number |
22 |
| 100 1# - MAIN ENTRY--PERSONAL NAME |
| Personal name |
García Márquez, Gabriel, |
| Dates associated with a name |
1928- |
| 245 13 - TITLE STATEMENT |
| Title |
El amor en los tiempos del cólera / |
| Statement of responsibility, etc. |
Gabriel García Márquez. |
| 250 ## - EDITION STATEMENT |
| Edition statement |
1. ed. de Vintage español. |
| 260 ## - PUBLICATION, DISTRIBUTION, ETC. |
| Place of publication, distribution, etc. |
New York : |
| Name of publisher, distributor, etc. |
Vintage Books, |
| Date of publication, distribution, etc. |
2003. |
| 300 ## - PHYSICAL DESCRIPTION |
| Extent |
461 p. ; |
| Dimensions |
21 cm. |
| 490 1# - SERIES STATEMENT |
| Series statement |
Vintage español. |
| 500 ## - GENERAL NOTE |
| General note |
"Este libro fue editado originalmente en Colombia por Editorial Oveja Negra Ltda., Bogotá, en 1985"--T.p. verso. |
| 520 ## - SUMMARY, ETC. |
| Summary, etc. |
The story of a fantastic wedding, the return of the bride to her parents in disgrace, her brothers' resolve to seek revenge on her corruptor, and the townspeoples' refusal todepart from routine. |
| 651 #0 - SUBJECT ADDED ENTRY--GEOGRAPHIC NAME |
| Geographic name |
Colombia |
| Form subdivision |
Fiction. |
| 830 #0 - SERIES ADDED ENTRY--UNIFORM TITLE |
| Uniform title |
Vintage español. |
| 942 ## - ADDED ENTRY ELEMENTS (KOHA) |
| Source of classification or shelving scheme |
|
| Koha item type |
Books - Fiction |